Statistiken für Austragungsorte Darts Premier League 2023

Klicken Sie hier um das Quiz zu spielen!

Allgemein

  • Dieses Quiz wurde 159 mal gespielt
  • Das Durchschnittsergebnis liegt bei 13 aus 17

Antwortstatistiken

DatumLandAustragungsort% Korrekt
30. März 2023DeutschlandBerlin
96%
23. Februar 2023IrlandDublin
95%
25. Mai 2023EnglandLondon
93%
4. Mai 2023EnglandManchester
93%
9. Februar 2023WalesCardiff
90%
9. März 2023EnglandLiverpool
88%
20. April 2023NiederlandeRotterdam
88%
16. Februar 2023SchottlandGlasgow
87%
2. Februar 2023NordirlandBelfast
85%
23. März 2023EnglandNewcastle
82%
6. April 2023EnglandBirmingham
71%
27. April 2023EnglandLeeds
71%
18. Mai 2023SchottlandAberdeen
70%
13. April 2023EnglandBrighton
55%
11. Mai 2023EnglandSheffield
54%
16. März 2023EnglandNottingham
53%
2. März 2023EnglandExeter
51%

Verteilung der Resultate

Perzentil nach korrekt beantworteten Fragen

Anzahl Personen mit jedem Resultat

Ihre Resultats-Entwicklung

Sie haben dieses Quiz noch nicht gespielt